000 00297nam a22001337a 4500
008 210225b ||||| |||| 00| 0 eng d
020 _a9780132435444
041 _aeng
080 _29th
_a339.138
100 _a61
101 _aMAR
245 _aMarketing Management
_cDupree,J
942 _2udc
_cBK
999 _c55199
_d55199